The Least Developed Countries report 2015 : transforming rural economies.
| Format: | Book |
|---|---|
| Published: |
New York:
United Nations,
2015.
|
| Subjects: |
| LEADER | 00520cam a2200145 7i4500 | ||
|---|---|---|---|
| 001 | 0000033135 | ||
| 005 | 20220420090000.0 | ||
| 020 | |a 9789211128932 | ||
| 090 | 0 | 0 | |a I 338.90091724 |b LEA |
| 245 | 0 | 4 | |a The Least Developed Countries report 2015 : |b transforming rural economies. |
| 260 | 0 | 0 | |a New York: |b United Nations, |c 2015. |
| 300 | |a 162 pages. | ||
| 650 | 0 | 0 | |a Developing countries -- |x Economic conditions |
| 650 | 0 | 0 | |a Economic assistance -- |x Developing countries |
| 999 | |a 0000037298 |b Book |c International |e Business Information Centre | ||


